Music Quiz

Random Music or Artist Quiz
Score 0/23 Timer 06:00
0 Plays Today
Artist Single % Correct
Beyonce Crazy In Love
100%
Christina AguileraBeautiful
97.5%
R KellyIgnition Remix
97.5%
EvanescenceBring Me to Life
97.5%
T.A.T.UAll the Things She Said
95%
Black Eyed PeasWhere Is the Love?
95%
Blu Cantrell feat Sean PaulBreathe
92.5%
David SneddonStop Living the Lie
90%
Gareth Gates feat the KumarsSpirit In the Sky
90%
Room 5 feat Oliver CheathamMake Luv
90%
TomcraftLoneliness
90%
Elton JohnAre You Ready for Love?
90%
Artist Single % Correct
SugababesHole In the Head
90%
Fatman Scoop feat the Crooklyn ClanBe Faithful
90%
Kylie MinogueSlow
90%
BustedCrashed the Wedding
90%
Ozzy & Kelly OsbourneChanges
90%
Michael Andrews feat Gary JulesMad World
90%
Girls AloudSound of the Underground
89.7%
WestlifeMandy
87.5%
Will YoungLeave Right Now
57.5%
BustedYou Said No
50%
Daniel BedingfieldNever Gonna Leave Your Side
35%
Remove Ads.
Support Sporcle.
Get the best of Sporcle when you Go Orange. This ad-free experience offers more features, more stats, and more fun while also helping to support Sporcle. Thank you for becoming a member.

You're not logged in!

Compare scores with friends on all Sporcle quizzes.
OR
Log In

Show Comments

Extras

Created Aug 1, 2012ReportNominate
Tags:Artist Quiz, 2003, Single

Top Quizzes Today


Score Distribution

Your Account Isn't Verified!

In order to create a playlist on Sporcle, you need to verify the email address you used during registration. Go to your Sporcle Settings to finish the process.

Report this User

Report this user for behavior that violates our Community Guidelines.

Details: